00654nam a2200193 a 450000500170000000800410001704100130005804400070007110000170007824501050009524601120020026000460031230000100035865000220036865000150039065000200040565000190042570000160044420140312154548.0140312b1999 gw ||||| |||| 00| 0 eng d aenghger agx aKunz, Martin aFair trade-how does it relate to other attempts to improve working conditions in the global economy? aFair trade im vergleich mit anderen Bemuhungen, arbeitsbedingungen in der globalen wirtschaft zu verbessern aWiesbadenbWorld University Servicec1999 a32 p. aMercados globales aEconomía aGlobalización aComercio justo aLoch, Petra